| Tag |
First Indicator |
Second Indicator |
Subfields |
| LEADER |
00000cam a2200000 4500 |
| 001 |
in00000040679 |
| 005 |
20151007064620.0 |
| 008 |
711203r19541903fr c d 00000 rusr |
| 010 |
|
|
|a 57057478
|
| 035 |
|
|
|a (OCoLC)00178516
|
| 035 |
|
|
|9 AAE0234AM
|
| 040 |
|
|
|c CSU
|d TXA
|d UtOrBLW
|
| 049 |
|
|
|a TXAM
|v 1 [250902]
|v 2 [250903]
|v 3 [253171]
|v 4 [253851]
|
| 050 |
|
0 |
|a PG2625
|b .D315
|
| 100 |
1 |
|
|a Dalʹ, V. I.
|q (Vladimir Ivanovich),
|d 1801-1872.
|
| 245 |
1 |
0 |
|a Tolkovyi slovar zhivogo velikorusskago iazyka.
|
| 250 |
|
|
|a 3., ispr. i znachitelno dop. izd.,
|b pod red. I. A. Boduena-de-Kurtene. S.- Peterburg, Izd. T-va M. O. Volf, 1903-09.
|
| 264 |
|
1 |
|a [Paris] :
|b [Librairie des Cinq Continents],
|c [1954]
|
| 300 |
|
|
|a 4 volumes :
|b portrait ;
|c 28cm.
|
| 336 |
|
|
|a text
|b txt
|2 rdacontent
|
| 337 |
|
|
|a unmediated
|b n
|2 rdamedia
|
| 338 |
|
|
|a volume
|b nc
|2 rdacarrier
|
| 500 |
|
|
|a In Cyrillic characters.
|
| 650 |
|
0 |
|a Russian language
|v Dictionaries.
|
| 999 |
|
|
|a MARS
|
| 999 |
f |
f |
|s 4d3f9985-d4bc-3e81-b914-4890c04455f8
|i 3c123c5b-839d-3e3e-aee4-d1e7be252e21
|t 0
|
| 952 |
f |
f |
|p ric
|a Texas A&M University
|b Rellis Campus
|c Joint Library Facility
|s JLF
|d Remote Storage
|t 0
|e PG2625 .D315
|h Library of Congress classification
|i unmediated -- volume
|k v.4
|m A14803615097
|
| 952 |
f |
f |
|p ric
|a Texas A&M University
|b Rellis Campus
|c Joint Library Facility
|s JLF
|d Remote Storage
|t 0
|e PG2625 .D315
|h Library of Congress classification
|i unmediated -- volume
|k v.3
|m A14803615089
|
| 952 |
f |
f |
|p ric
|a Texas A&M University
|b Rellis Campus
|c Joint Library Facility
|s JLF
|d Remote Storage
|t 0
|e PG2625 .D315
|h Library of Congress classification
|i unmediated -- volume
|k v.1
|m A14803615063
|
| 952 |
f |
f |
|p ric
|a Texas A&M University
|b Rellis Campus
|c Joint Library Facility
|s JLF
|d Remote Storage
|t 0
|e PG2625 .D315
|h Library of Congress classification
|i unmediated -- volume
|k v.2
|m A14803615071
|
| 998 |
f |
f |
|a PG2625 .D315
|s v.1-v.4
|t 0
|l Remote Storage
|